000 00520nam a2200169Ia 4500
008 090201s9999 xx 000 0 und d
010 _aKPL-45516
040 _bमराठी
041 _aमराठी
082 _a10064
_b45516
100 _aमाया साठे
245 _aपाटलाचा वाडा
_cमाया साठे
260 _c2004
_bप्रिया प्रकाशन
300 _a179
_bमोठा
600 _aपाटलाचा वाडा
942 _cBOOK
999 _c210536
_d210536